San Ignacio de Loyola / [por] Cristopher Hollis

Salvato in:
Dettagli Bibliografici
Autore principale: Hollis, Cristopher (autor)
Natura: Libro
Soggetti:
Tags: Aggiungi Tag
Nessun Tag, puoi essere il primo ad aggiungerne!!

MARC

LEADER 00000nam^a2200000^u^4500
001 000538858
005 20250521000000.0
008 060220s1000^^^^^^^^^^^^r^^^^^000^0^spa^d
009 20260310131130.231
035 |a FMI 000005782 
037 |a Acervo Xavier Clavigero 
096 |a 3.6.1/36/D 
100 |a Hollis, Cristopher  |e (autor) 
245 1 0 |a San Ignacio de Loyola / [por] Cristopher Hollis 
264 |a Buenos Aires : De tridente , 1946 
300 |a 316 p. 
336 |a texto  |b txt  |2 rdacontenido 
337 |a sin mediación  |b n  |2 rdamedio 
338 |a volumen  |b nc  |2 rdasoporte 
597 |a Trad. del inglés Por Gina H. de Sala. 
649 |a XX 
650 |a VIDAS DE SANTOS 
910 |a Fondo Francisco Migoya Covarrubias S.J. 
920 |a Impresos - Libros 
930 |a Fondos Especiales 
905 |a 134 
901 |a SBC13239  |b IT2  |c ESP  |u 20250521 
902 |a https://opac.biblio.iteso.mx/vufind/Record/000538858